RRX-Haltestellen in NRW - Statistiken

Allgemein
  • Dieses Quiz wurde 417 mal gespielt
  • Das Durchschnittsergebnis liegt bei 43 aus 80
Antwortstatistiken
Hint Antwort % Korrekt
RE1,RE6,RE11 Essen Hauptbahnhof
92%
RE1,RE4,RE5,RE6,RE11 Düsseldorf Hauptbahnhof
89%
RE1,RE4,RE6,RE11 Dortmund Hauptbahnhof
88%
RE1,RE5,RE6 Köln Hauptbahnhof
88%
RE1,RE4 Aachen Hauptbahnhof
86%
RE1,RE6,RE11 Hamm Hauptbahnhof
86%
RE1,RE6,RE11 Bochum Hauptbahnhof
85%
RE1,RE5,RE6,RE11 Duisburg Hauptbahnhof
85%
RE1,RE5 Köln-Messe/Deutz
80%
RE1,RE6,RE11 Mülheim Hauptbahnhof
79%
RE1,RE5,RE6,RE11 Düsseldorf-Flughafen
78%
RE6 Bielefeld Hauptbahnhof
77%
RE5 Bonn Hauptbahnhof
77%
RE1,RE5 Leverkusen-Mitte
72%
RE4,RE6 Neuss Hauptbahnhof
70%
RE4 Wuppertal Hauptbahnhof
69%
RE4 Hagen Hauptbahnhof
68%
RE6 Köln/Bonn-Flughafen
67%
RE6 Minden
67%
RE5 Oberhausen Hauptbahnhof
67%
RE1 Düren
65%
RE4 Mönchengladbach Hauptbahnhof
65%
RE11 Paderborn Hauptbahnhof
64%
RE1,RE5 Köln-Mülheim
62%
RE1,RE6,RE11 Wattenscheid
62%
RE1 Aachen-Rothe Erde
61%
RE6 Gütersloh Hauptbahnhof
61%
RE1,RE5 Düsseldorf-Benrath
60%
RE1,RE6,RE11 Kamen
60%
RE5 Köln-Süd
58%
RE5 Wesel
58%
RE4 Wuppertal-Oberbarmen
57%
RE6 Dormagen
54%
RE4 Düssedorf-Bilk
54%
RE1 Köln-Ehrenfeld
54%
RE6 Herford
50%
RE11 Soest
50%
RE11 Lippstadt
49%
RE5 Bonn-Bad Godesberg
48%
RE4 Wuppertal-Barmen
48%
RE4 Wuppertal-Vohwinkel
48%
RE6 Ahlen
47%
RE4 Witten Hauptbahnhof
47%
RE6 Porta Westfalica
46%
RE6 Rheda-Wiedenbrück
46%
RE1 Stolberg Hauptbahnhof
46%
RE5 Bonn UN-Campus
45%
RE5 Brühl
45%
RE1 Eschweiler Hauptbahnhof
45%
RE1 Horrem
45%
RE4 Aachen-West
44%
RE5 Dinslaken
44%
RE11 Altenbeken
42%
RE4 Rheydt Hauptbahnhof
41%
RE6 Beckum-Neubeckum
40%
RE1 Dortmund-Kurl
40%
RE1 Dortmund-Scharnhorst
40%
RE4 Schwelm
40%
RE4 Aachen-Schanz
39%
RE4 Ennepetal
39%
RE4 Erkelenz
39%
RE5 Oberhausen-Sterkrade
39%
RE11 Warburg
39%
RE4 Wetter
39%
RE6 Bad Oeynhausen
38%
RE4 Geilenkirchen
38%
RE4 Herzogenrath
37%
RE6 Oelde
37%
RE6 Hamm-Heessen
35%
RE6 Löhne
35%
RE1 Kamen-Methler
34%
RE1 Langerwehe
33%
RE5 Voerde
33%
RE1 Bönen-Nordbögge
30%
RE5 Friedrichsfeld
29%
RE4 Übach-Palenberg
29%
RE4 Hückelhoven-Baal
28%
RE4 Lindern
27%
RE5 Oberhausen-Holten
27%
RE11 Willebadessen
27%
Keine übereinstimmenden Quizze gefunden
Verteilung der Resultate
Anzahl Personen mit jedem Resultat
Perzentil nach korrekt beantworteten Fragen
Ihre Resultats-Entwicklung
Sie haben dieses Quiz noch nicht gespielt